[Event "All Day Permanent Red "]
[Site "SchemingMind.com"]
[Date "2006.10.21"]
[Round "-"]
[White "C. H. O'D. Schlechter"]
[Black "heuschrecke"]
[Result "1/2-1/2"]
[WhiteCountry "USA"]
[BlackCountry "GER"]
[WhiteElo "2299"]
[WhiteRD "70"]
[BlackElo "2285"]
[BlackRD "76"]
[GameID "72773"]

1. e4 e5 2. Nf3 Nc6 3. d4 exd4 4. Nxd4 Nf6 5. Nxc6 bxc6 6. e5 Qe7 7. Qe2 Nd5 8. c4 Nb6 9. Nc3 Ba6 10. Qe4 Qe6
11. b3 O-O-O 12. Bb2 Bb7 13. O-O-O Re8 14. f4 d5 15. cxd5 cxd5 16. Qc2 Kb8 17. Kb1 c5 18. Bb5 Rc8 19. f5 Qe7 20. Na4 Nxa4
21. Bxa4 g6 22. Rhe1 d4 23. e6 Bg7 24. Qf2 Rc7 25. g4 gxf5 26. gxf5 fxe6 27. Rxe6 Qf7 28. Rde1 Rf8 29. Re8+ Bc8 30. Rxf8 Qxf8
31. Re8 Qf7 32. Qf1 a6 33. Qxa6 Qxf5+ 34. Ka1 Qg6 35. Qb5+ Ka7 36. Qa5+ Kb8 37. Qb5+ Ka7 38. Qa5+=
1/2-1/2

[Event "All Day Permanent Red "]
[Site "SchemingMind.com"]
[Date "2006.11.13"]
[Round "-"]
[White "PackoJones1000"]
[Black "spoke"]
[Result "1-0"]
[WhiteCountry "ESP"]
[BlackCountry "GER"]
[WhiteElo "2230"]
[WhiteRD "72"]
[BlackElo "1677"]
[BlackRD "57"]
[GameID "76291"]

1. e4 e6 2. d4 d5 3. e5 c5 4. c3 Nc6 5. Be2 Qb6 6. Nf3 cxd4 7. cxd4 Nge7 8. Na3 Nf5 9. Nc2 Bd7 10. O-O Be7
11. b3 O-O 12. Bd3 Rac8 13. g4 Nh4 14. Nxh4 Bxh4 15. g5 f6 16. Bxh7+ Kxh7 17. Qh5+ Kg8 18. g6 Rfd8 19. Qh7+ Kf8 20. Qh8+ Ke7
21. Qxg7+
1-0

[Event "All Day Permanent Red "]
[Site "SchemingMind.com"]
[Date "2006.11.13"]
[Round "-"]
[White "spoke"]
[Black "PackoJones1000"]
[Result "0-1"]
[WhiteCountry "GER"]
[BlackCountry "ESP"]
[WhiteElo "1677"]
[WhiteRD "57"]
[BlackElo "2230"]
[BlackRD "72"]
[GameID "76293"]

1. e4 e5 2. Nf3 Nc6 3. Bc4 Nd4 4. c3 Nxf3+ 5. Qxf3 Qf6 6. d4 Qxf3 7. gxf3 d6 8. d5 f5 9. Bb5+ Kf7 10. c4 Ne7
11. Nc3 Ng6 12. h4 Be7 13. Bg5 Bxg5 14. hxg5 a6 15. Ba4 Nf4 16. Kd2 Kg6 17. Rag1 fxe4 18. Bc2 Bf5 19. Bxe4 Rhf8 20. Ne2 Nxe2
21. Kxe2 Rab8 22. Rg2 b5 23. cxb5 Rxb5 24. b3 Ra5 25. a4 Rb8 26. Rgh2 Bxe4 27. fxe4 Rxb3 28. Rxh7 Rxa4 29. f3 Ra2+
0-1

[Event "All Day Permanent Red "]
[Site "SchemingMind.com"]
[Date "2006.11.14"]
[Round "-"]
[White "pwwaring"]
[Black "McKnights"]
[Result "0-1"]
[WhiteCountry "USA"]
[BlackCountry "USA"]
[WhiteElo "1695"]
[WhiteRD "97"]
[BlackElo "1720"]
[BlackRD "65"]
[GameID "76459"]

1. e4 d5 2. exd5 Nf6 3. d4 c6 4. c4 cxd5 5. Nc3 e6 6. Nf3 Nc6 7. c5 Be7 8. Bb5 Bd7 9. O-O O-O 10. Re1 a6
11. Bxc6 Bxc6 12. Ne5 Nd7 13. Nxc6 bxc6 14. Bf4 Nf6 15. b4 Qd7 16. Qd3 Rfd8 17. Na4 Qe8 18. Nb6 Ra7 19. Re3 a5 20. bxa5 Nd7
21. Rh3 g6 22. Bd2 e5 23. Re1 e4 24. Qe3 Nf6 25. Qh6 Qf8 26. Qh4 Nh5 27. Qg4 Qg7 28. Bc3 Bf6 29. Rd1 Kh8 30. Qe2 Nf4
31. Qe3 Nxh3+ 32. Qxh3 Re8 33. Nc8 Ra8 34. Nd6 Red8 35. Nb7 Rdb8 36. Qd7 Ra7 37. Qxc6 Raxb7 38. Qxd5 Rb1 39. Rf1 Rxf1+ 40. Kxf1 Qh6
41. Qd6 Rb1+ 42. Ke2 Qh5+ 43. f3 exf3+ 44. gxf3 Kg7 45. a6 Qh3 46. a7 Qg2+ 47. Ke3 Bg5+ 48. Ke4 Qe2+ 49. Kd5 Qxf3+ 50. Kc4 Qe2+
51. Kd5 Qxa2+ 52. Kc6 Qxa7 53. Qc7 Qa4+ 54. Kd5 Qb3+
0-1

[Event "All Day Permanent Red "]
[Site "SchemingMind.com"]
[Date "2006.11.14"]
[Round "-"]
[White "McKnights"]
[Black "pwwaring"]
[Result "0-1"]
[WhiteCountry "USA"]
[BlackCountry "USA"]
[WhiteElo "1709"]
[WhiteRD "68"]
[BlackElo "1719"]
[BlackRD "95"]
[GameID "76464"]

1. e4 c5 2. Nf3 d6 3. Nc3 Nf6 4. d4 cxd4 5. Nxd4 a6 6. Be3 e5 7. Nf3 Be7 8. Nd5 Nxd5 9. exd5 Nd7 10. Bd3 Qa5+
11. c3 Qxd5 12. O-O e4 13. Ne1 exd3 14. Nxd3 O-O 15. Qc2 Nc5 16. Bxc5 dxc5 17. Rae1 Bd6 18. Qc1 Qxd3 19. Re3 Qg6 20. Qd2 Bf4
21. Qd5 Bxe3 22. fxe3 Qc6 23. Qd2 Be6 24. a3 Rad8 25. Qc2 Qd5 26. h3 Qg5 27. Qf2 Bxh3 28. Kh2 Be6 29. Kg1 Rd6 30. b4 Rfd8
31. bxc5 Qxc5
0-1

[Event "All Day Permanent Red "]
[Site "SchemingMind.com"]
[Date "2006.12.08"]
[Round "-"]
[White "Ilang"]
[Black "markjburden"]
[Result "1-0"]
[WhiteCountry "HUN"]
[BlackCountry "GBR"]
[WhiteElo "2226"]
[WhiteRD "71"]
[BlackElo "1687"]
[BlackRD "65"]
[GameID "81003"]

1. e4 Nf6 2. e5 Nd5 3. d4 d6 4. Nf3 Bg4 5. Be2 Nc6 6. c4 Nb6 7. exd6 cxd6 8. d5 Nb8 9. O-O Bxf3 10. Bxf3 Nxc4
11. Qa4+ Nd7 12. Qxc4 Rc8 13. Qa4 a6 14. Bg4 Qc7 15. Be3 b5 16. Qxa6 g6 17. Bd4
1-0

[Event "All Day Permanent Red "]
[Site "SchemingMind.com"]
[Date "2006.12.08"]
[Round "-"]
[White "markjburden"]
[Black "Ilang"]
[Result "0-1"]
[WhiteCountry "GBR"]
[BlackCountry "HUN"]
[WhiteElo "1687"]
[WhiteRD "65"]
[BlackElo "2226"]
[BlackRD "71"]
[GameID "81018"]

1. d4 d5 2. Nf3 Nf6 3. e3 c6 4. Bd3 Bg4 5. Nbd2 Nbd7 6. O-O e5 7. dxe5 Nxe5 8. Be2 Nxf3+ 9. Bxf3 Bxf3 10. Qxf3 Bd6
11. Re1 O-O 12. Nb3 Ne4 13. Nd4 Qh4 14. h3 f5 15. Ne6 Rf7 16. Nf4 g5
0-1

[Event "All Day Permanent Red "]
[Site "SchemingMind.com"]
[Date "2007.01.02"]
[Round "-"]
[White "colonia"]
[Black "simon_w"]
[Result "0-1"]
[WhiteCountry "GER"]
[BlackCountry "IRL"]
[WhiteElo "1951"]
[WhiteRD "74"]
[BlackElo "1700"]
[BlackRD "70"]
[GameID "84078"]

1. e4 e5 2. Bc4 Nf6 3. Nc3 Bc5 4. d3 d6 5. Na4 Bb6 6. Nxb6 axb6 7. Ne2 O-O 8. O-O h6 9. f4 Be6 10. Bxe6 fxe6
11. fxe5 dxe5 12. Qe1 g5
0-1

[Event "All Day Permanent Red "]
[Site "SchemingMind.com"]
[Date "2007.01.02"]
[Round "-"]
[White "simon_w"]
[Black "colonia"]
[Result "1-0"]
[WhiteCountry "IRL"]
[BlackCountry "GER"]
[WhiteElo "1700"]
[WhiteRD "70"]
[BlackElo "1951"]
[BlackRD "74"]
[GameID "84083"]

1. d4 d5 2. Nc3 Bf5 3. Bf4 e6 4. a3 Nf6 5. e3 Bd6 6. Bxd6 cxd6 7. h3 Nc6 8. Bd3 Bxd3 9. Qxd3 O-O 10. O-O-O a6
11. Nf3 Qa5 12. Na2 b5 13. b4
1-0

[Event "All Day Permanent Red "]
[Site "SchemingMind.com"]
[Date "2007.01.09"]
[Round "-"]
[White "loco61"]
[Black "Chess Tiger"]
[Result "0-1"]
[WhiteCountry "ENG"]
[BlackCountry "GER"]
[WhiteElo "1625"]
[WhiteRD "64"]
[BlackElo "2346"]
[BlackRD "65"]
[GameID "85983"]

1. e4 c5 2. Nf3 Nc6 3. Bc4 e6 4. Nc3 a6 5. O-O b5 6. Nxb5 axb5 7. Bxb5 Bb7 8. d4 Qb6 9. Bxc6 Qxc6 10. e5 cxd4
11. Bd2 d6 12. exd6 Bxd6 13. b4 Nf6 14. a3 O-O 15. Bg5 Ng4 16. Qxd4 Bxh2+ 17. Kh1 Qxf3
0-1

[Event "All Day Permanent Red "]
[Site "SchemingMind.com"]
[Date "2007.01.09"]
[Round "-"]
[White "Chess Tiger"]
[Black "loco61"]
[Result "1-0"]
[WhiteCountry "GER"]
[BlackCountry "ENG"]
[WhiteElo "2346"]
[WhiteRD "65"]
[BlackElo "1625"]
[BlackRD "64"]
[GameID "85989"]

1. e4 e5 2. Nf3 Nc6 3. Bb5 a6 4. Ba4 b5 5. Bb3 h6 6. O-O Nf6 7. d4 d6 8. dxe5 dxe5 9. Qxd8+ Nxd8 10. Nxe5 Be6
11. Re1 Bc5 12. Nd3 Bb6 13. Nc3 O-O 14. Nd5 Nxd5 15. exd5 Bf5 16. Ne5 Nb7 17. g4 Bh7 18. Nd7 Rfe8 19. Bf4 Ba5 20. c3 Nd6
21. Kg2 Rad8 22. Nc5 Be4+ 23. f3 Bg6 24. Bxd6 cxd6 25. Nb7 Rxe1 26. Rxe1 Bb6 27. Nxd8
1-0

[Event "All Day Permanent Red "]
[Site "SchemingMind.com"]
[Date "2007.01.14"]
[Round "-"]
[White "Robert Pallett"]
[Black "markagodfrey"]
[Result "1/2-1/2"]
[WhiteCountry "ENG"]
[BlackCountry "GBR"]
[WhiteElo "2298"]
[WhiteRD "71"]
[BlackElo "2129"]
[BlackRD "72"]
[GameID "86895"]

1. e4 e6 2. d4 d5 3. Nc3 Bb4 4. e5 c5 5. a3 Bxc3+ 6. bxc3 Qc7 7. Qg4 f5 8. Qh5+ g6 9. Qd1 Bd7 10. Nf3 Ba4
11. Bd2 a6 12. Bd3 b5 13. Ng5 Qc6 14. O-O Nd7 15. Qf3 c4 16. Be2 Bxc2 17. Qg3 h6 18. Nf3 Ne7 19. Ne1 Bb3 20. Qh4 Kf7
21. Rc1 g5 22. Bh5+ Kg8 23. Qg3 Rh7 24. Nf3 Kh8 25. Rfe1 Rg8 26. Kh1 Nb6 27. Rf1=
1/2-1/2

[Event "All Day Permanent Red "]
[Site "SchemingMind.com"]
[Date "2007.01.14"]
[Round "-"]
[White "markagodfrey"]
[Black "Robert Pallett"]
[Result "1/2-1/2"]
[WhiteCountry "GBR"]
[BlackCountry "ENG"]
[WhiteElo "2129"]
[WhiteRD "72"]
[BlackElo "2298"]
[BlackRD "71"]
[GameID "86902"]

1. d4 Nf6 2. c4 e6 3. Nf3 d5 4. g3 Bb4+ 5. Bd2 Bd6 6. Bg2 O-O 7. O-O c6 8. Qc2 Na6 9. Nc3 dxc4 10. Ne4 Nxe4
11. Qxe4 Qb6 12. Qc2 Be7 13. a3 c5 14. dxc5 Qxc5 15. Rfd1 Qb5 16. Nd4 Qh5 17. Qxc4 e5 18. Nf3 Nc5 19. Bb4 Be6 20. Qc3 e4
21. Nd4 Rac8 22. Bxc5 Bxc5 23. Bxe4 Bb6 24. Bf3 Qe5 25. Qd3 Rfd8 26. e3 Bd5 27. Bxd5 Qxd5 28. Rac1 g6 29. Rxc8 Rxc8=
1/2-1/2

[Event "All Day Permanent Red "]
[Site "SchemingMind.com"]
[Date "2007.01.29"]
[Round "-"]
[White "Apocalypse"]
[Black "thinkfirst29"]
[Result "1-0"]
[WhiteCountry "USA"]
[BlackCountry "USA"]
[WhiteElo "1874"]
[WhiteRD "78"]
[BlackElo "1636"]
[BlackRD "76"]
[GameID "88451"]

1. e4 c6 2. d4 d5 3. e5 Bf5 4. Be3 Qd7 5. Nd2 e6 6. c3 b5 7. Ne2 a5 8. Nf4 h6 9. Qf3 g5 10. Nh5 b4
11. c4 dxc4 12. Bxc4 Bg6 13. Ne4 Be7 14. Ng7+ Kd8 15. Rd1 f5 16. Nc5 Qc8 17. Ncxe6+ Kd7 18. d5 c5 19. Bb5+
1-0

[Event "All Day Permanent Red "]
[Site "SchemingMind.com"]
[Date "2007.01.29"]
[Round "-"]
[White "thinkfirst29"]
[Black "Apocalypse"]
[Result "0-1"]
[WhiteCountry "USA"]
[BlackCountry "USA"]
[WhiteElo "1636"]
[WhiteRD "76"]
[BlackElo "1874"]
[BlackRD "78"]
[GameID "88454"]

1. e4 c5 2. Nf3 e6 3. Nc3 a6 4. d4 cxd4 5. Nxd4 Qc7 6. Bc4 Qxc4 7. Be3 Ba3 8. Rb1 Bxb2 9. Nce2 Bc3+ 10. Bd2 Bxd4
11. Rb4 Bxf2+ 12. Kxf2 Qc5+ 13. Ke1 Nc6 14. Rb3 Nf6 15. Rf1 Nxe4 16. Bc1 O-O 17. Bb2 Qa5+ 18. Nc3 d5 19. Rf4 e5 20. Rh4 Nd4
0-1

[Event "All Day Permanent Red "]
[Site "SchemingMind.com"]
[Date "2007.02.09"]
[Round "-"]
[White "Chess Tiger"]
[Black "Ilang"]
[Result "1-0"]
[WhiteCountry "GER"]
[BlackCountry "HUN"]
[WhiteElo "2358"]
[WhiteRD "66"]
[BlackElo "2209"]
[BlackRD "69"]
[GameID "91292"]

1. e4 e5 2. Nf3 Nc6 3. Bb5 a6 4. Ba4 Nf6 5. d3 d6 6. c3 Bd7 7. O-O b5 8. Bc2 Be7 9. d4 O-O 10. Nbd2 exd4
11. cxd4 Bg4 12. Qe1 Re8 13. h3 Bh5 14. a3 Bg6 15. Qd1 Bh5 16. Nb3 d5 17. e5 Ne4 18. Bd3 Qd7 19. Be3 Nd8 20. Qc2 Bxf3
21. gxf3 Qxh3 22. Bxe4 dxe4 23. Qxe4 Ne6 24. Qg4 Qxg4+ 25. fxg4 Red8 26. Rad1 c6 27. Na5 Rac8 28. f4 Rd7 29. f5 Nf8 30. b4 Bd8
31. Nb3 Bb6 32. Kf2 Rd5 33. Kf3 Nd7 34. Rc1 Nb8 35. Ke4 Re8 36. Bf4 Rdd8 37. Rh1 Rc8 38. Rc2 Nd7 39. Kd3 Red8 40. Rhc1 Nb8
41. g5 g6 42. fxg6 fxg6 43. e6 Rf8 44. Bxb8 Rxb8 45. Rxc6 Bd8 46. d5 Bxg5 47. Re1 Rf3+ 48. Kc2 Rf2+ 49. Kb1 Bf6 50. Nc5 Rb2+
51. Kc1 Ra2 52. d6 Ra1+ 53. Kd2 Bg5+ 54. Ke2 Ra2+ 55. Kd3 Rd2+ 56. Ke4 Rf8 57. Nd3 Bh4 58. Re3
1-0

[Event "All Day Permanent Red "]
[Site "SchemingMind.com"]
[Date "2007.02.09"]
[Round "-"]
[White "Ilang"]
[Black "Chess Tiger"]
[Result "1/2-1/2"]
[WhiteCountry "HUN"]
[BlackCountry "GER"]
[WhiteElo "2209"]
[WhiteRD "69"]
[BlackElo "2358"]
[BlackRD "66"]
[GameID "91299"]

1. e4 c5 2. c3 Nf6 3. e5 Nd5 4. Nf3 Nc6 5. Bc4 Nb6 6. Be2 d5 7. exd6 Qxd6 8. O-O g6 9. d3 Bg7 10. Nbd2 f5
11. Qb3 h6 12. Rd1 g5 13. h3 Be6 14. Qa3 O-O-O 15. Nb3 g4 16. hxg4 fxg4 17. Nfd2 g3 18. Qxc5 gxf2+ 19. Qxf2 h5 20. Ne4 Qc7
21. Bf4 Be5 22. Bxe5 Nxe5 23. Qc5 Nc6 24. Nd4 Bg4 25. Nxc6 bxc6 26. Re1 Bxe2 27. Rxe2 Rxd3 28. Rae1 Rd5 29. Qa3 h4 30. c4 Re5
31. Nc5 Rxe2 32. Rxe2 h3 33. gxh3 a5 34. Qf3 Qd6 35. Qf5+ Kb8 36. b3 Qg3+ 37. Rg2 Qxh3 38. Qe5+ Kc8 39. Qxe7 Nd7 40. Qxd7+ Qxd7
41. Nxd7 Kxd7 42. Rg7+ Kc8 43. Kg2 Kb8 44. Kf3 Rh1 45. Rg5=
1/2-1/2

[Event "All Day Permanent Red "]
[Site "SchemingMind.com"]
[Date "2007.02.16"]
[Round "-"]
[White "pwwaring"]
[Black "PackoJones1000"]
[Result "0-1"]
[WhiteCountry "USA"]
[BlackCountry "ESP"]
[WhiteElo "1713"]
[WhiteRD "107"]
[BlackElo "2234"]
[BlackRD "93"]
[GameID "91820"]

1. e4 e5 2. Nf3 Nc6 3. d4 exd4 4. Nxd4 Bc5 5. Be3 Qf6 6. c3 Nge7 7. Bc4 Ne5 8. Be2 Qg6 9. O-O d6 10. f3 O-O
11. Nd2 Bb6 12. Nc4 Nxc4 13. Bxc4 Nc6 14. Kh1 Be6 15. Qe2 Nxd4 16. Bxd4 Rfe8 17. Rad1 c6 18. Qd3 Qg5 19. Rfe1 h5 20. Bxe6 Rxe6
21. Bxb6 axb6 22. Qc4 b5 23. Qb3 Rg6 24. Re2 h4 25. a3 Re8 26. Qc2 Rge6 27. Qd2 Qxd2 28. Rdxd2 f5 29. Kg1 d5 30. Rd4 g5
31. Kf2 Kf7 32. h3 Kf6 33. Ke3 fxe4 34. fxe4 Rxe4+ 35. Rxe4 Rxe4+ 36. Kf3 g4+ 37. hxg4 Rxe2 38. Kxe2 Kg5 39. Kf3 c5 40. b3 b6
41. b4 c4 42. Ke3 Kxg4 43. Kd4 Kg3 44. Kxd5 Kxg2 45. Kc6 h3 46. Kxb6 h2 47. Kxb5 h1=Q 48. Kxc4 Kf2 49. Kb5 Qd5+ 50. Ka6 Qc6+
51. Ka5 Qxc3 52. a4 Ke3 53. Kb5 Kd4
0-1

[Event "All Day Permanent Red "]
[Site "SchemingMind.com"]
[Date "2007.02.15"]
[Round "-"]
[White "PackoJones1000"]
[Black "pwwaring"]
[Result "1-0"]
[WhiteCountry "ESP"]
[BlackCountry "USA"]
[WhiteElo "2224"]
[WhiteRD "90"]
[BlackElo "1716"]
[BlackRD "103"]
[GameID "91830"]

1. e4 c5 2. Nf3 d6 3. Bb5+ Bd7 4. Bxd7+ Qxd7 5. c4 Nf6 6. Nc3 Nc6 7. O-O g6 8. d4 cxd4 9. Nxd4 Bg7 10. Nde2 O-O
11. f3 a6 12. a4 e6 13. Bg5 Rac8 14. Rb1 Qc7 15. b3 Nd7 16. Qd2 Nf6 17. Rfd1 Rfd8 18. Qf4 Nh5 19. Bxd8 Rxd8 20. Qe3 Nf6
21. Nd4 Nd7 22. Nxc6 bxc6 23. g3 Ne5 24. Rd2 Qb8 25. f4 Ng4 26. Qd3 Qb4 27. e5 d5 28. cxd5 Qb6+ 29. Qd4 Qxd4+ 30. Rxd4 exd5
31. Ne4 Bf8 32. h3 Ne3 33. Rc1 Nf5 34. Rd3 Ne7 35. Nc5 a5 36. Nb7 Ra8 37. Kf2 Ra7 38. Nd8
1-0

[Event "All Day Permanent Red "]
[Site "SchemingMind.com"]
[Date "2007.02.27"]
[Round "-"]
[White "C. H. O'D. Schlechter"]
[Black "markagodfrey"]
[Result "1-0"]
[WhiteCountry "USA"]
[BlackCountry "GBR"]
[WhiteElo "2365"]
[WhiteRD "65"]
[BlackElo "2016"]
[BlackRD "73"]
[GameID "93401"]

1. d4 Nf6 2. c4 g6 3. Nc3 d5 4. cxd5 Nxd5 5. e4 Nxc3 6. bxc3 Bg7 7. Nf3 c5 8. Rb1 O-O 9. Be2 Nc6 10. d5 Ne5
11. Nxe5 Bxe5 12. Qd2 e6 13. f4 Bc7 14. O-O exd5 15. exd5 Ba5 16. f5 Bxf5 17. Rxb7 Qf6 18. g4 Bxc3 19. Bb2 Bxd2 20. Bxf6 Rfe8
21. gxf5 Rxe2 22. d6 Be3+ 23. Kh1 Bd4 24. fxg6 hxg6 25. Re7 Rb2 26. Bxd4 cxd4 27. d7
1-0

[Event "All Day Permanent Red "]
[Site "SchemingMind.com"]
[Date "2007.02.27"]
[Round "-"]
[White "markagodfrey"]
[Black "C. H. O'D. Schlechter"]
[Result "0-1"]
[WhiteCountry "GBR"]
[BlackCountry "USA"]
[WhiteElo "2016"]
[WhiteRD "73"]
[BlackElo "2365"]
[BlackRD "65"]
[GameID "93403"]

1. d4 d5 2. c4 e6 3. Nc3 c6 4. Nf3 Nf6 5. e3 Nbd7 6. Bd3 dxc4 7. Bxc4 b5 8. Bd3 Bd6 9. Qc2 Bb7 10. O-O O-O
11. a3 Re8 12. Rd1 Qe7 13. Ng5 Bxh2+ 14. Kh1 h6 15. Bh7+ Kf8 16. Nxf7 Nxh7 17. Nh8 Kg8 18. Ng6 Qg5 19. Kxh2 c5 20. Nf4 e5
0-1

[Event "All Day Permanent Red "]
[Site "SchemingMind.com"]
[Date "2007.04.04"]
[Round "-"]
[White "simon_w"]
[Black "Apocalypse"]
[Result "0-1"]
[WhiteCountry "IRL"]
[BlackCountry "USA"]
[WhiteElo "1697"]
[WhiteRD "71"]
[BlackElo "1895"]
[BlackRD "86"]
[GameID "98972"]

1. e4 c5 2. Bc4 e6 3. d3 g6 4. Be3 d5 5. Bb3 Bg7 6. c3 dxe4 7. dxe4 Qxd1+ 8. Bxd1 Nf6 9. Bc2 b6 10. Nf3 Ba6
0-1

[Event "All Day Permanent Red "]
[Site "SchemingMind.com"]
[Date "2007.04.04"]
[Round "-"]
[White "Apocalypse"]
[Black "simon_w"]
[Result "1-0"]
[WhiteCountry "USA"]
[BlackCountry "IRL"]
[WhiteElo "1895"]
[WhiteRD "86"]
[BlackElo "1697"]
[BlackRD "71"]
[GameID "98978"]

1. e4 e5 2. Nf3 Nc6 3. d4 exd4 4. Nxd4 Nxd4 5. Qxd4 c5 6. Qe5+ Be7 7. Qxg7 Bf6 8. Qg3 d6 9. Nc3 Ne7 10. Bg5 Rg8
11. Bxf6
1-0

[Event "All Day Permanent Red "]
[Site "SchemingMind.com"]
[Date "2007.05.23"]
[Round "-"]
[White "C. H. O'D. Schlechter"]
[Black "Chess Tiger"]
[Result "1-0"]
[WhiteCountry "USA"]
[BlackCountry "GER"]
[WhiteElo "2394"]
[WhiteRD "69"]
[BlackElo "2302"]
[BlackRD "74"]
[GameID "105839"]

1. d4 Nf6 2. c4 e6 3. Nc3 Bb4 4. Qc2 O-O 5. a3 Bxc3+ 6. Qxc3 b6 7. Bg5 Ba6 8. e3 d6 9. Bd3 Nbd7 10. Ne2 c5
11. Qc2 h6 12. Bh4 Rc8 13. Qa4 Bb7 14. O-O Qc7 15. Rfc1 cxd4 16. exd4 Be4 17. Bxe4 Nxe4 18. f3 Nef6 19. b3 Qb7 20. Qb4 d5
21. a4 a5 22. Qb5 Rc6 23. Be1 Qa8 24. c5 Rb8 25. cxb6 Rcxb6 26. Qxa5 Qb7 27. Rc2 Ra8 28. Rc7 Qb8 29. Rac1 Rxa5 30. Rc8+ Ne8
31. Rxb8 Rxb8 32. Bxa5 Rxb3 33. Rc8 Kf8 34. Nc3 f6 35. Nb5
1-0

[Event "All Day Permanent Red "]
[Site "SchemingMind.com"]
[Date "2007.05.21"]
[Round "-"]
[White "Chess Tiger"]
[Black "C. H. O'D. Schlechter"]
[Result "1-0"]
[WhiteCountry "GER"]
[BlackCountry "USA"]
[WhiteElo "2339"]
[WhiteRD "66"]
[BlackElo "2349"]
[BlackRD "63"]
[GameID "105848"]

1. e4 d6 2. d4 Nf6 3. Nc3 Nbd7 4. f4 e5 5. Nf3 c6 6. dxe5 dxe5 7. fxe5 Ng4 8. e6 fxe6 9. Ng5 Nde5 10. Qxd8+ Kxd8
11. h3 Nh6 12. Bf4 Nhf7 13. Nxf7+ Nxf7 14. O-O-O+ Ke7 15. Bc4 g6 16. Bc7 Bg7 17. Rhf1 Bxc3 18. bxc3 Rf8 19. Rd2 e5 20. Rxf7+ Rxf7
21. Bxe5 Ke8 22. Bxf7+ Kxf7 23. Rd8 b6 24. Bf4 h5 25. Kd2 Ke6 26. Rd6+ Kf7 27. Rd8 Ke6 28. Ke3 c5 29. h4 b5 30. Rd5 a6
31. c4 bxc4 32. Rxc5 Bd7 33. Rd5 Bb5 34. Rd6+ Kf7 35. e5 Re8 36. Rf6+ Kg7 37. Kd4 Rd8+ 38. Kc3 Rd1 39. a4 Bxa4 40. Rxa6 Bb5
41. Rb6 Ba4 42. g3
1-0

[Event "All Day Permanent Red "]
[Site "SchemingMind.com"]
[Date "2007.05.28"]
[Round "-"]
[White "PackoJones1000"]
[Black "Apocalypse"]
[Result "1/2-1/2"]
[WhiteCountry "ESP"]
[BlackCountry "USA"]
[WhiteElo "2211"]
[WhiteRD "94"]
[BlackElo "1923"]
[BlackRD "90"]
[GameID "107069"]

1. e4 c5 2. Nf3 Nc6 3. d4 cxd4 4. Nxd4 Qb6 5. Nb3 Nf6 6. Nc3 e6 7. Bd3 d6 8. O-O a6 9. Kh1 Be7 10. f4 Qc7
11. Qf3 O-O 12. Bd2 b5 13. Rae1 b4 14. Ne2 e5 15. f5 Bb7 16. Qg3 Kh8 17. Qh4 Nb8 18. Bg5 Nbd7 19. Rf3 d5 20. Nd2 Rfe8
21. Rh3 Nf8 22. Ng3 Rad8 23. Nh5 Nxh5 24. Qxh5 Bxg5 25. Qxg5 f6 26. Qg4 a5 27. exd5 Rxd5 28. Nb3 e4 29. Rxe4=
1/2-1/2

[Event "All Day Permanent Red "]
[Site "SchemingMind.com"]
[Date "2007.05.28"]
[Round "-"]
[White "Apocalypse"]
[Black "PackoJones1000"]
[Result "1/2-1/2"]
[WhiteCountry "USA"]
[BlackCountry "ESP"]
[WhiteElo "1923"]
[WhiteRD "90"]
[BlackElo "2211"]
[BlackRD "94"]
[GameID "107074"]

1. e4 e5 2. Nc3 Nf6 3. Bc4 Nc6 4. d3 Bb4 5. Ne2 d5 6. exd5 Nxd5 7. O-O Be6 8. Ne4 O-O 9. a3 Be7 10. b4 f5
11. Nd2 a6 12. Bb2 Qd7 13. Re1 Rae8 14. b5 axb5 15. Bxb5 Bf6 16. Nb3 Qc8 17. Bxc6 bxc6 18. c4 Nb6 19. Nc5 Bf7 20. Ng3 Nd7
21. Nxd7 Qxd7 22. a4 Re6 23. Nxf5 Bg6 24. Ne3 Qf7 25. Ng4 Bh4 26. Re2 e4 27. dxe4 Bh5 28. f3=
1/2-1/2

[Event "All Day Permanent Red "]
[Site "SchemingMind.com"]
[Date "2007.09.22"]
[Round "-"]
[White "PackoJones1000"]
[Black "C. H. O'D. Schlechter"]
[Result "0-1"]
[WhiteCountry "ESP"]
[BlackCountry "USA"]
[WhiteElo "2186"]
[WhiteRD "107"]
[BlackElo "2384"]
[BlackRD "65"]
[GameID "121063"]

1. e4 d6 2. d4 Nf6 3. Nc3 g6 4. Nf3 Bg7 5. Be2 O-O 6. O-O c6 7. a4 Nbd7 8. a5 Qc7 9. Be3 e5 10. h3 exd4
11. Bxd4 Re8 12. Bc4 Nf8 13. Ng5 Be6 14. Bd3 d5 15. e5 Nh5 16. Re1 Nd7 17. Be2 Nf4 18. Bf1 Bxe5 19. Bxe5 Nxe5 20. Qd4 Nd7
21. Ne2 Nxe2+ 22. Rxe2 c5 23. Qh4 Nf8 24. Rd2 Rad8 25. Rad1 Rc8 26. a6 bxa6 27. Nxe6 fxe6 28. Bxa6 Rb8 29. b3 Re7 30. Re1 Rf7
31. Bd3 Rb4 32. Qg5 a5 33. Ra1 Rbf4 34. g3 Rf3 35. c4 d4 36. Qg4 Qe7 37. Rxa5 Qf6 38. Raa2 Nd7 39. Qe4 Ne5 40. Rab2 Nxd3
41. Rxd3 Rxf2 42. Rdd2 Rxd2 43. Rxd2 Qf1+ 44. Kh2 Rf2+ 45. Rxf2 Qxf2+ 46. Kh1 Kf7 47. Qe5 Qf5 48. Qc7+ Kf6 49. Kg2 Qe4+ 50. Kf2 Qe3+
51. Kg2 Qe2+ 52. Kh1 Qe5 53. Qd8+ Kf5 54. Kg2 Qe2+ 55. Kg1 Ke4
0-1

[Event "All Day Permanent Red "]
[Site "SchemingMind.com"]
[Date "2007.09.22"]
[Round "-"]
[White "C. H. O'D. Schlechter"]
[Black "PackoJones1000"]
[Result "1/2-1/2"]
[WhiteCountry "USA"]
[BlackCountry "ESP"]
[WhiteElo "2395"]
[WhiteRD "69"]
[BlackElo "2201"]
[BlackRD "106"]
[GameID "121069"]

1. d4 Nf6 2. c4 e6 3. Nc3 Bb4 4. Qc2 O-O 5. a3 Bxc3+ 6. Qxc3 b6 7. Bg5 Bb7 8. Nf3 d6 9. Nd2 Nbd7 10. f3 h6
11. Bh4 Qe8 12. e3 d5 13. Bd3 c5 14. O-O Rc8 15. b3 Qe7 16. Rfe1 Qd6 17. Rac1 cxd4 18. exd4 dxc4 19. bxc4 g5 20. Bg3 Qe7
21. Qb4 Qxb4 22. axb4 Rfd8 23. Ra1 a6 24. Ne4 Nxe4 25. fxe4 a5 26. bxa5 bxa5 27. Ra3 Nf6 28. e5 Nh5 29. Bf2 Nf4 30. Bf1 Ra8
31. Rea1 Be4 32. Be3 Kg7 33. h4 Kg6 34. Kf2 Rab8 35. R1a2 Rb1 36. g3 Nh5 37. hxg5 Nxg3 38. Bg2 Bxg2 39. Kxg3 Bf1 40. gxh6=
1/2-1/2